Erfolgreichste N64-Spiele nach Hauptschurken - Statistiken

Allgemein
  • Dieses Quiz wurde 15 mal gespielt
  • Das Durchschnittsergebnis liegt bei 6 aus 16
Antwortstatistiken
Bildquiz Antwort % Korrekt
Super Mario 64 / Yoshi's Story / Mario Party / Mario Party 2 / Mario Party 3 / Paper Mario
93%
Donkey Kong 64
86%
The Legend of Zelda: Majora's Mask
71%
Banjo-Kazooie / Banjo-Tooie
64%
GoldenEye 007
57%
Super Smash Bros.
57%
The Legend of Zelda: Ocarina of Time
57%
Diddy Kong Racing
36%
Kirby 64: The Crystal Shards
21%
Star Fox 64
21%
F-Zero X
14%
Perfect Dark
14%
Star Wars: Shadows of the Empire
7%
Turok: Dinosaur Hunter / Turok 2: Seeds of Evil
7%
007: The World Is Not Enough
0%
Jet Force Gemini
0%
Keine übereinstimmenden Quizze gefunden
Verteilung der Resultate
Anzahl Personen mit jedem Resultat
Perzentil nach korrekt beantworteten Fragen
Ihre Resultats-Entwicklung
Sie haben dieses Quiz noch nicht gespielt